A Rischio

Saved in:
書目詳細資料
主要作者: Patricia Cornwell
格式: 圖書
語言:Undetermined
標簽: 添加標簽
沒有標簽, 成為第一個標記此記錄!

MARC

LEADER 00000nam a2200000Ia 4500
001 R-461
003 CODICE-MESSINA
005 20260212102452.0
008 260211s9999 xx 000 0 und d
040 |c importazione_messina 
100 |a Patricia Cornwell 
245 2 |a A Rischio 
942 |2 ddc  |c BK 
952 |0 0  |1 0  |2 ddc  |4 0  |6 SCAFFALE_4_000000000000000__ROMANZI  |7 0  |9 31281  |a ME  |b ME  |d 2026-02-11  |l 0  |o SCAFFALE 4 - ROMANZI  |p R-461  |r 2026-02-11 23:52:27  |w 2026-02-11  |x [REVISIONARE]  |y BK 
999 |c 26945  |d 26945